Statistics for Taylor Swift - tolerate it Lyrics

Click here to take the quiz!

General Stats

  • This quiz has been taken 164 times
  • The average score is 273 of 314

Answer Stats

Answer% Correct
I
100%
I?
100%
You
100%
you
100%
a
98%
And
98%
and
98%
it
96%
tolerate
96%
your
96%
be
95%
sit
95%
the
95%
watch
95%
what
95%
with
95%
head
93%
my
93%
all
91%
but
91%
But
91%
do
91%
just
91%
love
91%
shit
91%
so
91%
table
91%
fancy
90%
for
90%
I'm
90%
kid
90%
know
90%
me
90%
should
90%
Tell
90%
tell
90%
us
90%
You're
90%
in
89%
like
89%
low
89%
much
89%
wait
89%
by
88%
door
88%
if
88%
If
88%
best
87%
celebrated
87%
colors
87%
got
87%
it's
87%
now
87%
Now
87%
older
87%
Use
87%
wiser
87%
eyes
85%
or
85%
closed
84%
don't
84%
I've
84%
somehow
84%
wrong
84%
Lay
83%
portrait
83%
reading
83%
life
80%
of
80%
story
80%
everything
79%
where
79%
notice
78%
too
78%
footnotes
77%
made
77%
sky
76%
temple
76%
this
76%
was
76%
begging
74%
man
74%
would
74%
removed
73%
that
73%
time
73%
could
72%
out
72%
space
72%
then
72%
Took
72%
were
72%
Always
71%
Believe
70%
taking
70%
dagger
68%
up
68%
breathing
67%
listen
67%
take
67%
Where's
67%
While
67%
building
66%
leave
66%
mural
66%
other
66%
plates
66%
polish
66%
ruins
66%
they
66%
until
66%
worlds
66%
blankets
65%
good
65%
lose
65%
over
65%
wire?
65%
battle
63%
fine
63%
hero's
63%
Gain
62%
greet
62%
weight
62%
barbed
61%
gleam
61%
assume
60%
fun
60%
glisten
60%
welcome
60%
Break
57%
hearts
57%
byline
56%
Drawing
55%
throw
55%
free
54%
indiscretions
54%
who'd
54%
wake
51%

Score Distribution

Percentile by Number Answered

Percent of People with Each Score

Your Score History

You have not taken this quiz